000 00429nam a22001937a 4500
003 OSt
005 20180116183010.0
008 150901b xxu||||| |||| 00| 0 eng d
020 _a0
040 _c0
082 _a813.54 MIC 1989
100 _aJudith Michael
245 _aInheritance
260 _bPockt Books
_c1989
300 _a695 P
_bPB
440 _aJudith Michael
700 _aJudith Michael
942 _2ddc
_cBK
999 _c350238
_d350238